000 00647nam a22002177a 4500
003 KOHA_MİRAKIL
005 20260511122831.0
008 260507b tu ||||| |||| 00| 0 tur d
020 _a9789750712142
040 _aTR-AnABB
_btur
_cTR-AnABB
041 _atur
082 _a814.42
_bBIN 2010
100 1 _aBinyazar, Adnan
245 1 0 _aToplum ve edebiyat /
_cAdnan Binyazar
260 _aİstanbul :
_bCan ,
_c2010
300 _a364 sayfa ;
_c20 cm
500 _aYazar tarafından Prof. Dr. Ruşen Keleş için imzalanmıştır.
650 0 4 _aTürk edebiyatı, deneme
900 _bCan ÇELIK
942 _2ddc
_cBK
999 _c10373
_d10373